| 000 | 00668nam a2200217Ia 4500 | ||
|---|---|---|---|
| 003 | GCL | ||
| 008 | 140319s9999 xx 000 0 ara d | ||
| 040 |
_aGCL / _cGCL |
||
| 082 | 0 | 4 |
_a759 _bن ص |
| 100 | 1 | _aناجى، دوموكوس | |
| 245 | 1 | 0 |
_aالصيد فى الفن / _cناجى، دوموكوس |
| 700 | 1 | _aعايدة خورى | |
| 700 | 1 | _aصلاح صلاح | |
| 260 |
_aالامارات : _bمنشورات المجمع الثقافى ، _c1995 |
||
| 300 | _a41 ص | ||
| 490 |
_aاصدارات المجمع الثقافى _v0 |
||
| 650 | 0 | 4 | _aالرسم |
| 650 | 0 | 4 | _aرسم الحيوانات |
| 650 | 0 | 4 | _aالصيد فى الفن |
| 942 |
_2ddc _cBK |
||
| 999 |
_c4103 _d4103 |
||